[Event "Muppets on tour 2nd practice"]
[Site "SchemingMind.com"]
[Date "2020.10.29"]
[Round "-"]
[White "abuteague"]
[Black "William Lindberg"]
[Result "0-1"]
[WhiteCountry "USA"]
[BlackCountry "USA"]
[WhiteElo "1629"]
[WhiteRD "82"]
[BlackElo "2454"]
[BlackRD "66"]
[GameID "461513"]

1. d4 Nf6 2. Bg5 Ne4 3. Bf4 d5 4. e3 Nc6 5. Bd3 g5 6. Bg3 Nxg3 7. hxg3 e5 8. dxe5 Nxe5 9. Rxh7 Rxh7 10. Bxh7 Bg4
11. f3 Be6 12. Bd3 Bc5 13. Qe2 Qd6 14. Nc3 Qb6 15. O-O-O Bxe3+ 16. Kb1 d4 17. Ne4 O-O-O 18. Nh3 c5 19. Bc4 Nxc4 20. b3 Na3+
21. Kb2 c4 22. Nhxg5 c3+ 23. Ka1 Bc4
0-1

[Event "Muppets on tour 2nd practice"]
[Site "SchemingMind.com"]
[Date "2020.10.29"]
[Round "-"]
[White "William Lindberg"]
[Black "abuteague"]
[Result "1-0"]
[WhiteCountry "USA"]
[BlackCountry "USA"]
[WhiteElo "2454"]
[WhiteRD "66"]
[BlackElo "1629"]
[BlackRD "82"]
[GameID "461514"]

1. c4 g6 2. d4 Bg7 3. Nc3 c5 4. d5 Nf6 5. e4 d6 6. Nf3 a6 7. Be2 O-O 8. O-O e6 9. h3 Re8 10. Re1 exd5
11. exd5 Bf5 12. Bf4 Ne4 13. Nxe4 Bxe4 14. Bd3 Bxf3 15. Qxf3 Rxe1+ 16. Rxe1 a5 17. Qg3 Bf8 18. Bg5 Qd7 19. Bf5 Qxf5 20. Re8 Qd7
21. Qe3
1-0

[Event "Muppets on tour 2nd practice"]
[Site "SchemingMind.com"]
[Date "2020.10.28"]
[Round "-"]
[White "abuteague"]
[Black "Matthew Bailey"]
[Result "0-1"]
[WhiteCountry "USA"]
[BlackCountry "ENG"]
[WhiteElo "1629"]
[WhiteRD "82"]
[BlackElo "2596"]
[BlackRD "70"]
[GameID "461515"]

1. d4 d5 2. c4 e5 3. dxe5 d4 4. Nf3 Nc6 5. g3 Nge7 6. Bg2 Ng6 7. O-O Ngxe5 8. Nxe5 Nxe5 9. Na3 Be7 10. Nb5 O-O
11. Nxd4 Nxc4 12. b3 Bf6 13. bxc4 Bxd4 14. Rb1 c6 15. e3 Bc5 16. Qxd8 Rxd8 17. Bb2 Bf5 18. Rbd1 Bd3 19. Rfe1 Bb4
0-1

[Event "Muppets on tour 2nd practice"]
[Site "SchemingMind.com"]
[Date "2020.10.29"]
[Round "-"]
[White "Matthew Bailey"]
[Black "abuteague"]
[Result "1-0"]
[WhiteCountry "ENG"]
[BlackCountry "USA"]
[WhiteElo "2596"]
[WhiteRD "70"]
[BlackElo "1629"]
[BlackRD "82"]
[GameID "461516"]

1. e4 d6 2. d4 Nf6 3. Nc3 c6 4. f4 Qa5 5. Bd3 e5 6. Nf3 Bg4 7. Be3 Nbd7 8. h3 Bh5 9. g4 exf4 10. Bxf4 Bg6
11. Qd2 Be7 12. O-O-O b5 13. e5 dxe5 14. Nxe5 Bxd3 15. Nxc6 Qa6 16. Nxe7 Kxe7 17. Qxd3 Rhc8 18. g5 Ne8 19. Rhe1+ Kd8 20. Qxh7 Rxc3
21. Qg8 Rxc2+ 22. Kxc2
1-0

[Event "Muppets on tour 2nd practice"]
[Site "SchemingMind.com"]
[Date "2020.10.29"]
[Round "-"]
[White "abuteague"]
[Black "Randy Bahr"]
[Result "0-1"]
[WhiteCountry "USA"]
[BlackCountry "USA"]
[WhiteElo "1629"]
[WhiteRD "82"]
[BlackElo "1765"]
[BlackRD "71"]
[GameID "461517"]

1. d4 c5 2. d5 Nf6 3. c4 b5 4. cxb5 a6 5. bxa6 g6 6. Nc3 Bxa6 7. Nf3 Bg7 8. g3 d6 9. Bg2 Nbd7 10. Rb1 Qa5
11. O-O O-O 12. a3 Rfb8 13. Bd2 Qd8 14. Re1 Ra7 15. Bg5 Rab7 16. Qd2 Kh8 17. e4 Ng4 18. h3 Nge5 19. Nxe5 Bxe5 20. Re2 Bxe2
21. Qxe2 Bxc3 22. Bh6 Rxb2 23. Rxb2 Rxb2
0-1

[Event "Muppets on tour 2nd practice"]
[Site "SchemingMind.com"]
[Date "2020.10.29"]
[Round "-"]
[White "Randy Bahr"]
[Black "abuteague"]
[Result "1-0"]
[WhiteCountry "USA"]
[BlackCountry "USA"]
[WhiteElo "1765"]
[WhiteRD "71"]
[BlackElo "1629"]
[BlackRD "82"]
[GameID "461518"]

1. c4 g6 2. d4 Bg7 3. Nc3 c5 4. d5 Nf6 5. e4 d6 6. Bd3 O-O 7. h3 e6 8. Nf3 Na6 9. O-O e5 10. a3 Ne8
11. Nh2 Qe7 12. Ne2 Nb8 13. Rb1 a6 14. Bd2 Bd7 15. b4 b6 16. a4 Nf6 17. bxc5 bxc5 18. Rb7 Re8 19. Qb3 Bxa4 20. Rxe7 Bxb3
21. Rb7 Ba4 22. Ra1 Bd7 23. Ba5 Bf8 24. Rab1 h5 25. Bc7 a5 26. Bxb8 a4 27. Nc3 a3 28. Na2 Bh6 29. Bxd6 Bd2 30. Bxc5
1-0